000 00353nam a2200145Ia 4500
003 OSt
005 20240315114514.0
008 170523s9999 xx 000 0 und d
020 _a9781119248972
040 _cIIMT UNIVERSITY MEERUT
100 _aSolomons- T.W.G.
245 0 _aOrganic Chemistry
260 _aNew Delhi : Wiley India
942 _2ddc
_c02
999 _c11827
_d11827